World Countries Anagrams #3 - Statistics

General Stats
  • This quiz has been taken 1,174 times
  • The average score is 9 of 16
Answer Stats
Anagram Country % Correct
Venue zeal Venezuela
94%
Swan boat Botswana
82%
Pasta ink Pakistan
82%
Regalia Algeria
79%
Oil a comb Colombia
75%
Neon lab Lebanon
75%
Sly leeches Seychelles
75%
Shoe lot Lesotho
66%
Mistaken turn Turkmenistan
60%
Noise and I Indonesia
52%
Tea is on Estonia
51%
Ten handlers Netherlands
44%
Sun soda hut South Sudan
32%
Steadiest nut United States
25%
Rooftop belching cue Republic of the Congo
19%
Undid a rutabaga ban Antigua and Barbuda
18%
No matching quizzes found
Score Distribution
Percent of People with Each Score
Percentile by Number Answered
Your Score History
You have not taken this quiz